[Event "Capablanca Mem Premier I"]
[Site "Varadero CUB"]
[Date "2000.05.12"]
[Round "5"]
[White "Lopez Martinez,J"]
[Black "Paramos Dominguez,R"]
[Result "0-1"]
[WhiteElo "2465"]
[BlackElo "2431"]

1.e4 c5 2.Nf3 d6 3.d4 cxd4 4.Nxd4 Nf6 5.Nc3 a6 6.Be3 e6 7.Be2 Be7 8.f4 Qc7
9.g4 b5 10.g5 Nfd7 11.a3 Nc6 12.Qd2 Bb7 13.O-O-O O-O 14.h4 Nxd4 15.Bxd4 Nc5
16.Bf3 a5 17.g6 fxg6 18.h5 g5 19.h6 g6 20.Bxc5 Qxc5 21.Bg4 Bc8 22.e5 d5 23.fxg5 b4
24.Na4 Qc4 25.Rh4 Qa2 26.Qe3 Rf2 27.Bxe6+ Bxe6 28.Qxf2 Bxg5+ 29.Rf4 Rf8 30.Rd4 Rxf4
31.Rxf4 Qc4 32.Kb1 Qxf4 33.Qb6 Qxe5 34.Nc5 Bf5 35.Qa6 Bxh6 36.Qa8+ Bf8  0-1

[Event "Capablanca Mem Premier I"]
[Site "Varadero CUB"]
[Date "2000.05.13"]
[Round "6"]
[White "Perez,Rod"]
[Black "Abreu,A"]
[Result "1/2-1/2"]
[WhiteElo "2472"]
[BlackElo "2419"]

1.e4 c5 2.Nf3 d6 3.d4 cxd4 4.Nxd4 Nf6 5.Nc3 a6 6.Be3 Nc6 7.f3 d5 8.Nxd5 Nxd5
9.exd5 Qxd5 10.c3 Nxd4 11.Qxd4 Qxd4 12.Bxd4 Bd7 13.O-O-O e6 14.Bd3 Bc6 15.Rhe1 O-O-O
16.Re2 Rg8 17.h4 g6 18.Bf6 Rd7 19.f4 Bd6 20.Rf2 Bc5 21.Re2 Bd6 22.Rf2 Bc5  1/2-1/2

[Event "Capablanca Mem Premier II"]
[Site "Varadero CUB"]
[Date "2000.05.16"]
[Round "8"]
[White "De la Paz,F"]
[Black "Borges Mateos,J"]
[Result "1-0"]
[WhiteElo "2462"]
[BlackElo "2435"]

1.e4 c5 2.Nf3 d6 3.d4 cxd4 4.Nxd4 Nf6 5.Nc3 a6 6.Be3 e6 7.g4 h5 8.g5 Ng4
9.Bc1 Ne5 10.Be3 Nbc6 11.Nxc6 bxc6 12.f4 Nd7 13.Qd2 Rb8 14.O-O-O Qa5 15.Bc4 g6
16.Bb3 Be7 17.f5 gxf5 18.g6 fxg6 19.exf5 gxf5 20.Qg2 Ne5 21.Bf4 Rb4 22.Bxe5 Qxe5
23.Qxc6+ Kf7 24.Rhe1 Qc5 25.Qf3 Bf6 26.Nd5 Rd4 27.Rxd4 Qxd4 28.Nxf6 Kxf6
29.Rd1 Qe5 30.Qg2 d5 31.Rg1 Ke7 32.Qf2 d4 33.Qh4+ Kf7 34.Rd1 Qe3+ 35.Kb1 Bb7
36.a3 Be4 37.Ka2 Qf3  1-0

[Event "Guillermo Garcia Premier I"]
[Site "Santa Clara CUB"]
[Date "2000.05.24"]
[Round "1"]
[White "Perez,Rod"]
[Black "Borges Mateos,J"]
[Result "1-0"]
[WhiteElo "2472"]
[BlackElo "2435"]

1.e4 c5 2.Nf3 d6 3.d4 cxd4 4.Nxd4 Nf6 5.Nc3 a6 6.Be3 e6 7.f3 b5 8.g4 h6 9.Qd2 Nbd7
10.O-O-O Bb7 11.h4 Ne5 12.Rg1 Rc8 13.g5 Nfd7 14.g6 Nxg6 15.Nxe6 fxe6 16.Rxg6 Qxh4
17.e5 Kf7 18.Rg4 Qh5 19.exd6 Nf6 20.Bb6 Bc6 21.Rf4 Bd7 22.Ne4 Rc6 23.Bd8 Ke8
24.Bxf6  1-0

[Event "Guillermo Garcia Premier I"]
[Site "Santa Clara CUB"]
[Date "2000.05.24"]
[Round "1"]
[White "De la Paz,F"]
[Black "Gongora,M"]
[Result "0-1"]
[WhiteElo "2462"]
[BlackElo "2439"]

1.e4 c5 2.Nf3 d6 3.d4 cxd4 4.Nxd4 Nf6 5.Nc3 a6 6.Be3 Nbd7 7.g4 d5 8.Nb3 h5
9.g5 Ng4 10.g6 fxg6 11.Qxd5 Nxe3 12.fxe3 Qc7 13.O-O-O Ne5 14.Bb5+ axb5 15.Nxb5 Qb8
16.Qd8+ Kf7 17.Nc7 Bf5 18.Nxa8 Qxd8 19.Rxd8 Bh3 20.Rb8 g5 21.Rd1 h4 22.Rd2 Rh6
23.Rdd8 Rh8 24.Nd4 g4 25.Rd5 Kf6 26.Nc7 g3 27.hxg3 hxg3 28.Ne2 g2  0-1

[Event "Bank Pocztowy Open"]
[Site "Bydgoszcz POL"]
[Date "2000.05.29"]
[Round "2"]
[White "Berg,E"]
[Black "Kempinski,R"]
[Result "0-1"]
[WhiteElo "2432"]
[BlackElo "2528"]

1.e4 c5 2.Nf3 d6 3.d4 cxd4 4.Nxd4 Nf6 5.Nc3 a6 6.Be3 Ng4 7.Bg5 h6 8.Bh4 g5
9.Bg3 Bg7 10.Be2 h5 11.Bxg4 Bxg4 12.f3 Bd7 13.Qd2 Nc6 14.Bf2 Ne5 15.b3 Qa5
16.Nd5 Qxd2+ 17.Kxd2 Rd8 18.c3 e6 19.Nb6 Bc6 20.Kc2 g4 21.Nxc6 bxc6 22.f4 Ng6
23.f5 Ne5 24.Bh4 Rb8 25.Nc4 Nxc4 26.bxc4 Be5 27.Rhb1 Kd7 28.Rb3 exf5 29.exf5 Rhe8
30.h3 Rg8 31.hxg4 hxg4 32.g3 Rh8 33.Kd3 Kc7 34.Rab1 Rxb3 35.axb3 a5 36.Re1 Rh5
37.Rf1 f6 38.Rf2 Kb6 39.Rf1 Kc5 40.Rf2 d5 41.cxd5 cxd5 42.Rf1 Kb5 43.Kc2 Rh7
44.Rd1 Rd7 45.Rd3 d4 46.Kb1 Kc6 47.cxd4 Rxd4 48.Re3 Kd5 49.Kc2 Rb4 50.Re1 Rb6
51.Re3 Rb5 52.Re1 Rc5+ 53.Kb1 Rc3 54.Ka2 Rf3 55.Ka3 Rxf5 56.Ka4 Rf2 57.Kb5 Rf3
58.Rg1 Rxb3+ 59.Kxa5 Bc3+ 60.Ka4 Kc4 61.Rf1 Rb7 62.Rf4+ Bd4 63.Rf5 Rb1  0-1

[Event "ch-CZE"]
[Site "Opava CZE"]
[Date "2000.05.29"]
[Round "8"]
[White "Firt,S"]
[Black "Kalod,R"]
[Result "0-1"]
[WhiteElo "2350"]
[BlackElo "2445"]

1.e4 c5 2.Nf3 d6 3.d4 cxd4 4.Nxd4 Nf6 5.Nc3 a6 6.Be3 e6 7.Qf3 Nbd7 8.Be2 h5
9.O-O-O Qc7 10.Rhe1 Ne5 11.Qg3 b5 12.f4 Neg4 13.Bxg4 Nxg4 14.Bg1 Bb7 15.Kb1 Rc8
16.e5 dxe5 17.fxe5 g6 18.h3 b4 19.Na4 Nf6 20.Nxe6 Qxc2+ 21.Ka1 Ne4 22.Qe3 fxe6
23.Rc1 Qxa4 24.Rxc8+ Bxc8 25.Qxe4 Kf7 26.Rf1+ Kg7 27.Be3 Be7 28.Qf4 Qe8 29.Rc1 g5
30.Qg3 Rg8 31.h4 Kh8 32.hxg5 Bb7 33.Rc7 Be4 34.Qh4 Bg6 35.g4 Rf8 36.gxh5 Rf1+
37.Bc1 Bxh5 38.Qh3 Rf5 39.g6 Kg8 40.Qb3 Rxe5 41.Qc4 Bxg6 42.Qxa6 Bf8 43.Qc4 Qb5  0-1

[Event "Guillermo Garcia Premier II"]
[Site "Santa Clara CUB"]
[Date "2000.05.29"]
[Round "5"]
[White "Dominguez,L"]
[Black "Arencibia,W"]
[Result "1-0"]
[WhiteElo "2508"]
[BlackElo "2529"]

1.e4 c5 2.Nf3 d6 3.d4 cxd4 4.Nxd4 Nf6 5.Nc3 a6 6.Be3 e6 7.f3 b5 8.Qd2 Nbd7
9.g4 Nb6 10.O-O-O Nfd7 11.Qe1 Ne5 12.Kb1 Bd7 13.g5 Be7 14.f4 Nec4 15.Bc1 O-O
16.Rg1 Qc7 17.Rd3 b4 18.Nce2 Rfc8 19.Rh3 e5 20.Nf5 Bxf5 21.exf5 Na4 22.Qd1 Na3+
23.bxa3 Nc3+ 24.Nxc3 bxc3 25.Qh5 Kf8 26.Qxh7 Ke8 27.Qg8+ Kd7 28.Qxf7 Qb6+
29.Ka1 Qxg1 30.Qe6+ Kd8 31.Rh8+ Kc7 32.Qxe7+ Kc6 33.Rh3 Qxf1 34.Rxc3+ Kd5
35.Qb7+ Kd4 36.Rd3+ Qxd3 37.Bb2+ Ke3 38.cxd3 Rab8 39.Qe4+ Kd2 40.Qg2+  1-0

[Event "Guillermo Garcia Premier I"]
[Site "Santa Clara CUB"]
[Date "2000.05.29"]
[Round "5"]
[White "Perez,Rod"]
[Black "Abreu,A"]
[Result "1/2-1/2"]
[WhiteElo "2472"]
[BlackElo "2419"]

1.e4 c5 2.Nf3 d6 3.d4 cxd4 4.Nxd4 Nf6 5.Nc3 a6 6.Be3 Nc6 7.Be2 e6 8.O-O Be7
9.f4 O-O 10.Qe1 Nxd4 11.Bxd4 b5 12.a3 Bb7 13.Qg3 Bc6 14.Bf3 Qc7 15.Rae1 Rad8
16.Re2 g6 17.f5 e5 18.Be3 Kh8 19.fxg6 fxg6 20.Ref2  1/2-1/2

[Event "Guillermo Garcia Premier I"]
[Site "Santa Clara CUB"]
[Date "2000.05.29"]
[Round "5"]
[White "De la Paz,F"]
[Black "Roeder,M"]
[Result "1-0"]
[WhiteElo "2462"]
[BlackElo "2413"]

1.e4 c5 2.Nf3 d6 3.d4 cxd4 4.Nxd4 Nf6 5.Nc3 a6 6.Be3 e5 7.Nb3 Be6 8.f4 exf4
9.Bxf4 Nc6 10.Qd2 d5 11.O-O-O Nxe4 12.Nxe4 dxe4 13.Qe3 Qc8 14.Qxe4 Be7 15.Bd3 Nb4
16.Nd4 Nxa2+ 17.Kb1 Nb4 18.Rhe1 Nxd3 19.Rxd3 O-O 20.Rc3 Qe8 21.Nxe6 fxe6
22.Qxe6+ Qf7 23.Qxe7 Qxf4 24.Qxb7 Kh8 25.Rf3 Qxh2 26.Ref1 Qd6 27.Qc6 Qb4
28.c3 Qe7 29.Rf7 Rac8 30.Rxe7 Rxf1+ 31.Ka2  1-0

[Event "ch-CZE"]
[Site "Opava CZE"]
[Date "2000.05.30"]
[Round "9"]
[White "Kalod,R"]
[Black "Hracek,Z"]
[Result "0-1"]
[WhiteElo "2445"]
[BlackElo "2620"]

1.e4 c5 2.Nf3 d6 3.d4 cxd4 4.Nxd4 Nf6 5.Nc3 a6 6.Be3 e6 7.g4 h6 8.f3 b5 9.Qd2 Nbd7
10.O-O-O Bb7 11.h4 b4 12.Nce2 d5 13.Bh3 dxe4 14.g5 hxg5 15.hxg5 exf3 16.Ng3 Ne4
17.Nxe4 Bxe4 18.Nxe6 fxe6 19.Bxe6 Nc5 20.Rxh8 Qxd2+ 21.Bxd2 Nxe6 22.Bxb4 Kf7
23.Bxf8 Rxf8 24.Rxf8+ Kxf8 25.Kd2 Nxg5 26.Ke3 Nh3 27.c4 Bc6 28.b4 f2 29.Ke2 g5
30.Rf1 Ke7 31.a4 Bxa4 32.Ra1 Bc2 33.b5 axb5 34.cxb5 Kd6 35.b6 Be4 36.Rc1 Bg2
37.Rb1 f1=Q+ 38.Rxf1 Bxf1+ 39.Kxf1 Nf4 40.Kf2 Kc6  0-1

[Event "Guillermo Garcia Premier I"]
[Site "Santa Clara CUB"]
[Date "2000.05.30"]
[Round "6"]
[White "De la Paz,F"]
[Black "Vera,R"]
[Result "0-1"]
[WhiteElo "2462"]
[BlackElo "2546"]

1.e4 c5 2.Nf3 d6 3.d4 cxd4 4.Nxd4 Nf6 5.Nc3 a6 6.Be3 e6 7.g4 h6 8.f4 b5 9.a3 Bb7
10.Bg2 Nbd7 11.Qe2 Rc8 12.O-O Nc5 13.Bf2 Be7 14.Rad1 Qc7 15.b4 Ncd7 16.Rd3 g5
17.Rh3 gxf4 18.g5 f3 19.Qxf3 Ne5 20.Qe2 Nh7 21.Qh5 Nxg5 22.Rg3 Qd7 23.Nd5 exd5
24.exd5 Rc4 25.h4 Nh7 26.Bh3 Qd8 27.Qxh6 Bxd5 28.Be3 Bf6 29.Nf5 Nf8 30.Qg7 Rcxh4
31.Nxd6+ Qxd6 32.Rxf6 Ne6  0-1

[Event "Master Open"]
[Site "Lausanne SUI"]
[Date "2000.06.01"]
[Round "3"]
[White "Firman,N"]
[Black "Javet,B"]
[Result "1-0"]
[WhiteElo "2261"]
[BlackElo "2071"]

1.e4 c5 2.Nf3 d6 3.d4 cxd4 4.Nxd4 Nf6 5.Nc3 a6 6.Be3 Ng4 7.Bg5 h6 8.Bh4 g5
9.Bg3 Bg7 10.h3 Nf6 11.Nf5 Bxf5 12.exf5 Nc6 13.Bd3 Rc8 14.O-O h5 15.Re1 h4
16.Bh2 Kf8 17.Be4 Qb6 18.Bxc6 Rxc6 19.Qe2 Rc7 20.Bxd6 exd6 21.Nd5 Qc6 22.Nxc7 Qxc7
23.Rad1 Kg8 24.c3 d5 25.Qe7 Qc6 26.c4 Qxc4 27.Rc1 Qf4 28.Rc7 Kh7 29.Qxf7 Rg8  1-0

[Event "Master Open"]
[Site "Lausanne SUI"]
[Date "2000.06.02"]
[Round "5"]
[White "Palac,M"]
[Black "Berkvens,J"]
[Result "1-0"]
[WhiteElo "2570"]
[BlackElo "2297"]

1.e4 c5 2.Nf3 d6 3.d4 cxd4 4.Nxd4 Nf6 5.Nc3 a6 6.Be3 e5 7.Nf3 Qc7 8.a4 Be7
9.a5 Nbd7 10.Bd3 O-O 11.O-O b5 12.axb6 Nxb6 13.Qe2 Bb7 14.Bxb6 Qxb6 15.Bc4 Rac8
16.b3 a5 17.Rfd1 Rc7 18.Nd2 Rfc8 19.Ra2 Rd7 20.Nf1 Rcd8 21.Nd5 Nxd5 22.Bxd5 Bg5
23.Bxb7 Rxb7 24.Rd5 Ra7 25.g3 Rc8 26.Qg4 Qd8 27.h4 Be7 28.Ne3 Bf8 29.Qd1 Qb6
30.Ra4 Rac7 31.Rdxa5 Qb7 32.Qd3 Rc3 33.Qb5 Qxb5 34.Rxb5 g6 35.Rb7 Rxe3 36.fxe3 Rxc2
37.Ra8  1-0

[Event "Guillermo Garcia Premier I"]
[Site "Santa Clara CUB"]
[Date "2000.06.03"]
[Round "9"]
[White "Perez,Rod"]
[Black "Vera,R"]
[Result "1/2-1/2"]
[WhiteElo "2472"]
[BlackElo "2546"]

1.e4 c5 2.Nf3 d6 3.d4 cxd4 4.Nxd4 Nf6 5.Nc3 a6 6.Be3 e6 7.f3 b5 8.Qd2 Bb7
9.g4 Qa5 10.Nb3 Qc7 11.O-O-O Nc6 12.g5 Nd7 13.Kb1 b4 14.Na4 Be7 15.Qf2 Nce5
16.Nb6 Rb8 17.Nxd7 Nxd7  1/2-1/2

[Event "Guillermo Garcia Premier I"]
[Site "Santa Clara CUB"]
[Date "2000.06.06"]
[Round "11"]
[White "Perez,Rod"]
[Black "Roeder,M"]
[Result "1/2-1/2"]
[WhiteElo "2472"]
[BlackElo "2413"]

1.e4 c5 2.Nf3 d6 3.d4 cxd4 4.Nxd4 Nf6 5.Nc3 a6 6.Be3 e5 7.Nb3 Be6 8.f3 Be7
9.Qd2 O-O 10.O-O-O b5 11.Kb1 b4 12.Na4 Nc6 13.Nb6 Rb8 14.Nd5 Bxd5 15.exd5 Na5
16.Bxa6 Nxb3 17.cxb3 Nd7 18.Bc4 Qc7 19.Rc1 Nc5 20.Rhd1  1/2-1/2

[Event "Guillermo Garcia Premier II"]
[Site "Santa Clara CUB"]
[Date "2000.06.08"]
[Round "13"]
[White "Dominguez,L"]
[Black "Herrera,I"]
[Result "1/2-1/2"]
[WhiteElo "2508"]
[BlackElo "2472"]

1.e4 c5 2.Nf3 d6 3.d4 cxd4 4.Nxd4 Nf6 5.Nc3 a6 6.Be3 e5 7.Nb3 Be6 8.Be2 Nbd7
9.O-O Be7 10.a4 O-O 11.a5 Rc8 12.Qd2 Qc7 13.Rfd1 Qc6 14.f3 Rfe8 15.Rac1 Nc5
16.Nd5 Bxd5 17.exd5 Qd7 18.Nxc5 dxc5 19.c4 Red8 20.Bd3 g6 21.Kh1 Qd6 22.Bc2 Qc7  1/2-1/2

[Event "Parkroyal Int"]
[Site "Surfers Paradise AUS"]
[Date "2000.06.12"]
[Round "6"]
[White "Zhao Zong Yuan"]
[Black "Hunt,A"]
[Result "1/2-1/2"]
[WhiteElo "2242"]
[BlackElo "2388"]

1.e4 c5 2.Nf3 d6 3.d4 cxd4 4.Nxd4 Nf6 5.Nc3 a6 6.Be3 e5 7.Nb3 Be6 8.f3 Nbd7
9.Qd2 h5 10.a4 Rc8 11.Be2 Be7 12.O-O h4 13.a5 g6 14.Nd5 Nxd5 15.exd5 Bf5
16.c4 Kf8 17.Rac1 Kg7 18.c5 Nxc5 19.Nxc5 dxc5 20.Rc4 Rc7 21.Rd1 Rd7 22.Bxc5 Bg5
23.f4 Bxf4 24.Rxf4 exf4 25.Bf3 h3 26.Qd4+ f6 27.b4 g5 28.g3 fxg3 29.hxg3 g4
30.Be4 Rh5 31.d6 Bxe4 32.Qxe4 Rg5 33.Bb6 Qg8 34.Be3 Qb3 35.Rd2 Rg6 36.Kh2 Qa4
37.Bf4 Qb5 38.Qe6 Kh7  1/2-1/2

[Event "IV Pablo Gorbea Mem Open"]
[Site "Madrid ESP"]
[Date "2000.06.15"]
[Round "6"]
[White "Perez Candelario,M"]
[Black "San Segundo Carrillo,P"]
[Result "1/2-1/2"]
[WhiteElo "2264"]
[BlackElo "2497"]

1.e4 c5 2.Nf3 d6 3.d4 Nf6 4.Nc3 cxd4 5.Nxd4 a6 6.Be3 e5 7.Nb3 Be6 8.Nd5 Nxd5
9.exd5 Bf5 10.Qd2 Nd7 11.c4 a5 12.Bd3 Bxd3 13.Qxd3 Be7 14.O-O O-O 15.Rac1 a4
16.Nd2 f5 17.f3 Bg5 18.Rc2 b6 19.Nb1 Nc5 20.Qd2 Bxe3+ 21.Qxe3 Qh4 22.b4 axb3
23.axb3 Ra1 24.b4 Nd7 25.g3 Qf6 26.Nd2 Ra4 27.Qc3 Rfa8 28.Rcc1 Qg5 29.Nb3 Ra2
30.Ra1 Qh6 31.Rf2 Rxa1+ 32.Nxa1 e4 33.Nc2 Ne5 34.Nd4 Nxf3+  1/2-1/2

[Event "ch-IND Women"]
[Site "Mumbai IND"]
[Date "2000.06.17"]
[Round "10"]
[White "Aarthie,R"]
[Black "Shah,P"]
[Result "0-1"]
[WhiteElo "2219"]
[BlackElo "2138"]

1.e4 c5 2.Nf3 d6 3.d4 cxd4 4.Nxd4 Nf6 5.Nc3 a6 6.Be3 e6 7.f3 b5 8.Qd2 Nbd7
9.g4 h6 10.O-O-O Bb7 11.h4 b4 12.Nce2 d5 13.exd5 Bxd5 14.Nf4 Bxa2 15.Nc6 Qc7
16.Nxb4 Qa5 17.Nxa2 Qxa2 18.Qc3 Qa1+ 19.Kd2 Qa4 20.Qc4 Qa5+ 21.Ke2 Ne5 22.Qd4 Rc8
23.c3 Nc4 24.b4 Qc7 25.Kf2 Nxe3 26.Qxe3 Qxc3 27.Qxc3 Rxc3 28.Bxa6 Bxb4 29.Bb5+ Ke7
30.g5 Bc5+ 31.Kg2 Rc2+ 32.Be2 Nh5 33.Nxh5 Rxe2+ 34.Kg3 Bf2+ 35.Kg4 hxg5 36.Kxg5 f6+
37.Kg4 f5+ 38.Kg5 Be3+  0-1

[Event "IM"]
[Site "Stockholm SWE"]
[Date "2000.06.18"]
[Round "9"]
[White "Von Bahr,O"]
[Black "Eriksson,Joh"]
[Result "0-1"]
[WhiteElo "2240"]
[BlackElo "2364"]

1.e4 c5 2.Nf3 d6 3.d4 cxd4 4.Nxd4 Nf6 5.Nc3 a6 6.Be3 e6 7.f3 b5 8.g4 h6 9.Qd2 Bb7
10.O-O-O Nbd7 11.h4 b4 12.Na4 Qa5 13.b3 Be7 14.Kb1 Nc5 15.Nxc5 dxc5 16.Ne2 Rd8
17.Qc1 Rxd1 18.Qxd1 c4 19.Qd4 cxb3 20.cxb3 Nxe4 21.Bg2 Bf6 22.Qa7 Qb5 23.fxe4 Qd3+
24.Kc1 O-O  0-1

[Event "11th Open"]
[Site "Ljubljana SLO"]
[Date "2000.06.21"]
[Round "5"]
[White "Furlan,M"]
[Black "Bratovic,B"]
[Result "1-0"]
[WhiteElo "2362"]
[BlackElo "2204"]

1.e4 c5 2.Nf3 d6 3.d4 cxd4 4.Nxd4 Nf6 5.Nc3 a6 6.Be3 e6 7.f3 b5 8.Qd2 Nbd7
9.g4 h6 10.h4 b4 11.Na4 d5 12.Bh3 dxe4 13.g5 hxg5 14.hxg5 Nd5 15.O-O-O Ne5
16.Qe2 Qa5 17.b3 Bd7 18.Bxe6 fxe6 19.Rxh8 Bxa4 20.fxe4 Nxe3 21.Qxe3 Bd7 22.Qh3 Qxa2
23.Rxf8+ Kxf8 24.Qh8+ Ke7 25.Qxg7+ Nf7 26.Qf6+ Ke8 27.Rf1 Qa1+ 28.Kd2 Qc3+
29.Kd1 Qa1+ 30.Ke2 Bb5+ 31.Nxb5 Qxf6 32.Nc7+ Kd7 33.Rxf6 Kxc7 34.Rxf7+ Kd6
35.g6 Ke5 36.g7 Rg8 37.Kd3 Rd8+ 38.Ke2 Rg8 39.Ke3 a5 40.Kd3 Rd8+ 41.Ke2 Rg8
42.Ke3 Kd6 43.Kf4 e5+ 44.Kf5 Kc5 45.Kxe5 Re8+ 46.Kf6  1-0

[Event "It"]
[Site "Valjevo YUG"]
[Date "2000.06.21"]
[Round "5"]
[White "Anka,E"]
[Black "Sedlak,N"]
[Result "1/2-1/2"]
[WhiteElo "2474"]
[BlackElo "2323"]

1.e4 c5 2.Nf3 d6 3.d4 cxd4 4.Nxd4 Nf6 5.Nc3 a6 6.Be3 e6 7.g4 h6 8.Bg2 Nc6
9.h3 Ne5 10.f4 Nc4 11.Bc1 e5 12.Nde2 Qb6 13.b3 Ne3 14.Bxe3 Qxe3 15.f5 Be7
16.Qd2 Qc5 17.Bf3 b5 18.h4 Bb7 19.O-O-O b4 20.Na4 Qa5 21.Ng3 Bc6 22.g5 Nd7
23.f6 gxf6 24.Nf5 Bxa4 25.Nxe7 Bxb3 26.Qxd6 Qa3+ 27.Kd2 Be6 28.Ke2 Qc3 29.Nf5 Qc4+
30.Rd3 Bxf5 31.exf5 O-O-O 32.Bd5 Qb5 33.Bc6 Qc4 34.Bxd7+ Kb7 35.Rd1 Qg4+
36.Kd2 Qf4+ 37.Re3 Qf2+ 38.Re2 Qf4+ 39.Re3 Qf2+ 40.Kd3 e4+ 41.Kd4 Qxc2 42.Ree1 Qc3+
43.Kxe4 hxg5 44.h5 Rhe8+ 45.Kd5 Qf3+ 46.Kd4 Qc3+ 47.Kd5  1/2-1/2

[Event "Balatontourist Open"]
[Site "Budapest HUN"]
[Date "2000.06.22"]
[Round "7"]
[White "Berczes,D"]
[Black "Letay,G"]
[Result "1-0"]
[WhiteElo "2140"]
[BlackElo "2198"]

1.e4 c5 2.Nf3 d6 3.d4 cxd4 4.Nxd4 Nf6 5.Nc3 a6 6.Be3 e5 7.Nb3 Be7 8.f3 Be6
9.Qd2 Nbd7 10.O-O-O Qc7 11.g4 h6 12.h4 Nb6 13.Qf2 Nfd7 14.Kb1 Nc4 15.Bxc4 Bxc4
16.f4 O-O-O 17.Nd2 exf4 18.Nxc4 Qxc4 19.Bxf4 Bf6 20.Rh3 Nc5 21.Nd5 Qxe4 22.Qxc5+  1-0

[Event "It"]
[Site "Techirghiol ROM"]
[Date "2000.07.05"]
[Round "4"]
[White "Parligras,M"]
[Black "Burnoiu,C"]
[Result "1-0"]
[WhiteElo "2441"]
[BlackElo "2266"]

1.e4 c5 2.Nf3 d6 3.d4 cxd4 4.Nxd4 Nf6 5.Nc3 a6 6.Be3 e5 7.Nb3 Be6 8.f4 exf4
9.Bxf4 Nc6 10.Qd2 Be7 11.O-O-O Qb6 12.h3 Rd8 13.Nd5 Bxd5 14.exd5 Ne5 15.g4 O-O
16.Nd4 Nxd5 17.Nf5 Bf6 18.Qxd5 Ng6 19.Be3 Qxb2+ 20.Kd2 Qc3+ 21.Ke2 Rfe8 22.Qd2 Qc6
23.Rg1 Rxe3+ 24.Nxe3 Nf4+ 25.Kf2 Bh4+ 26.Rg3 Qh1 27.Nf5 Bxg3+ 28.Kxg3  1-0

[Event "ch-POL women"]
[Site "Brzeg Dolny POL"]
[Date "2000.07.07"]
[Round "2"]
[White "Blimke,D"]
[Black "Grabarska,B"]
[Result "1-0"]
[WhiteElo "2257"]
[BlackElo "2318"]

1.e4 c5 2.Nf3 d6 3.d4 cxd4 4.Nxd4 Nf6 5.Nc3 a6 6.Be3 e5 7.Nb3 Be6 8.f3 h5
9.Qd2 Nbd7 10.Nd5 Bxd5 11.exd5 g6 12.Be2 Bg7 13.O-O O-O 14.Kh1 Rc8 15.c4 e4
16.f4 Ng4 17.Bxg4 hxg4 18.Rac1 Nf6 19.Nd4 g3 20.h3 Ng4 21.b3 Qh4 22.Qe2 Nf2+
23.Kg1 Rfe8 24.Nc2 Nd3 25.Rb1 Bh6 26.f5 g5 27.Qd2 Nf4 28.Bd4 Qh5 29.Ne3 g4
30.Nxg4 Qxg4 31.hxg4 Nh3+ 32.gxh3 Bxd2 33.Rb2 e3 34.Kg2 b5 35.cxb5 axb5 36.Rh1 Re4
37.Bb6  1-0

[Event "It"]
[Site "Techirghiol ROM"]
[Date "2000.07.08"]
[Round "6"]
[White "Parligras,M"]
[Black "Florescu,C"]
[Result "1-0"]
[WhiteElo "2441"]
[BlackElo "2362"]

1.e4 c5 2.Nf3 d6 3.d4 cxd4 4.Nxd4 Nf6 5.Nc3 a6 6.Be3 e6 7.g4 b5 8.g5 Nfd7
9.a3 Bb7 10.h4 Nc6 11.Nxc6 Bxc6 12.Qd4 f5 13.gxf6 Qxf6 14.Qd2 Ne5 15.O-O-O Nf3
16.Qe2 Rc8 17.Bh3 Bd7 18.e5 dxe5 19.Ne4 Qf7 20.Rd6 Rc6 21.Bxe6 Bxe6 22.Rxc6 Bd5
23.Nd6+ Bxd6 24.Rc8+ Ke7 25.Rxh8 Be4 26.Kb1 Ke6 27.Rd1 Qc7 28.Bc5  1-0

[Event "t-EuCh U18"]
[Site "Balatonlelle HUN"]
[Date "2000.07.10"]
[Round "2"]
[White "Perunovic,Mil"]
[Black "Szeberenyi,A"]
[Result "1-0"]
[WhiteElo "2426"]
[BlackElo "2357"]

1.e4 c5 2.Nf3 d6 3.d4 cxd4 4.Nxd4 Nf6 5.Nc3 a6 6.Be3 Ng4 7.Bg5 h6 8.Bh4 g5
9.Bg3 Bg7 10.Bc4 Nc6 11.Nxc6 bxc6 12.h4 Qb6 13.Bb3 Qd4 14.Qf3 Qf6 15.Qe2 Be6
16.O-O-O Ne5 17.hxg5 hxg5 18.Rxh8+ Bxh8 19.f3 Bxb3 20.axb3 Qe6 21.Qe3 Bf6
22.Bxe5 Qxe5 23.Qb6 Rc8 24.Qb7 Kd8 25.Qxa6 Qc5 26.Na4 Qe3+ 27.Kb1 Bd4 28.Qc4 Bf6
29.Qxf7 Kd7 30.Qc4 Ra8 31.Nc5+ Kc7 32.Na6+ Kd7 33.Nb4 Qb6 34.Nd3 Qa5 35.c3 Rh8
36.e5 Bxe5 37.b4  1-0

[Event "t-EuCh U18 Girls"]
[Site "Balatonlelle HUN"]
[Date "2000.07.11"]
[Round "3"]
[White "Moshina,C"]
[Black "Mietzner,T"]
[Result "1-0"]
[WhiteElo "2191"]
[BlackElo "2122"]

1.e4 c5 2.Nf3 d6 3.d4 cxd4 4.Nxd4 Nf6 5.Nc3 a6 6.Be3 e5 7.Nb3 Be6 8.f3 Nbd7
9.Qd2 h6 10.O-O-O b5 11.g4 Nb6 12.Qf2 Nc4 13.Bxc4 bxc4 14.Nc5 Qc7 15.Nxe6 fxe6
16.h4 Nd7 17.f4 exf4 18.Qxf4 Rb8 19.Rhf1 Ne5 20.g5 h5 21.Bd4 a5 22.Nd5 exd5
23.Bxe5 dxe5 24.Qf5 d4 25.Qe6+ Be7 26.Qf7+ Kd7 27.Rf5 Rb5 28.Rxd4+ exd4 29.Rxb5 Rf8
30.Rd5+ Kc6 31.Qe6+ Bd6 32.e5 Rf1+ 33.Kd2 c3+ 34.bxc3 Kb7 35.Rxd4 Rf2+ 36.Kd3 Rf3+
37.Ke2 Qxc3 38.Qd5+ Ka7 39.Qxf3 Qxd4 40.exd6 Qxd6 41.Qf7+ Kb6 42.Qxg7 Qh2+
43.Kd3 Qg3+ 44.Kc4 Qxh4+ 45.Qd4+  1-0

[Event "FSIMB July"]
[Site "Budapest HUN"]
[Date "2000.07.11"]
[Round "11"]
[White "Cooke,E"]
[Black "Froehlich,P"]
[Result "0-1"]
[WhiteElo "2266"]
[BlackElo "2375"]

1.e4 c5 2.Nf3 d6 3.d4 cxd4 4.Nxd4 Nf6 5.Nc3 a6 6.Be3 e5 7.Nb3 Be6 8.Be2 Be7
9.a4 O-O 10.O-O Nbd7 11.f4 exf4 12.Rxf4 Ne5 13.Nd4 Nfd7 14.Rf1 Rc8 15.Nf5 Nc4
16.Bxc4 Bxc4 17.Qg4 Bf6 18.Nxd6 Bxf1 19.Nxc8 Bxc3 20.bxc3 Nf6 21.Qf5 Qxc8
22.Rxf1 Qxc3 23.Qf3 Qe5 24.Rb1 Nxe4 25.Rxb7 Qa1+ 26.Qf1 Qxa4 27.h3 Ng3 28.Qf3 Qa1+
29.Kf2 Nh1+ 30.Ke2 Qe5 31.Qf4 Qd5 32.Qf3 Ng3+ 33.Ke1 Ne4 34.Rb4 Re8 35.Kf1 a5
36.Rd4 Qxd4  0-1

[Event "Staffordshire IM"]
[Site "Lichfield ENG"]
[Date "2000.07.11"]
[Round "6"]
[White "Van der Vorm,T"]
[Black "Beaumont,C"]
[Result "0-1"]
[WhiteElo "2372"]
[BlackElo "2290"]

1.e4 c5 2.Nf3 d6 3.d4 cxd4 4.Nxd4 Nf6 5.Nc3 a6 6.Be3 e5 7.Nf3 Qc7 8.a4 Be7
9.a5 O-O 10.Be2 Nbd7 11.Nd2 b5 12.axb6 Nxb6 13.Bxb6 Qxb6 14.Nc4 Qc5 15.O-O Be6
16.Ne3 a5 17.Qd2 Rfc8 18.Rfd1 Rab8 19.Ba6 Rc6 20.Bd3 Bd8 21.g3 g6 22.Qe2 Kg7
23.Rd2 h5 24.Kg2 Ng4 25.Nxg4 Bxg4 26.f3 Be6 27.Na4 Qb4 28.c3 Qb7 29.b4 axb4
30.cxb4 Ra8 31.b5 Rcc8 32.Rc2 Bb3 33.Rxc8 Qxc8 34.Ra3 Bxa4 35.Qa2 Qc1 36.Bc4 Bb3
37.Rxa8 Bxa2 38.Bxa2 Bb6 39.Bd5 Qg1+ 40.Kh3 Qf1+ 41.Kh4 Qxf3  0-1

[Event "2nd ShakkiNet GM"]
[Site "Helsinki FIN"]
[Date "2000.07.12"]
[Round "3"]
[White "Nyysti,S"]
[Black "Anka,E"]
[Result "1/2-1/2"]
[WhiteElo "2224"]
[BlackElo "2474"]

1.e4 c5 2.Nf3 d6 3.d4 cxd4 4.Nxd4 Nf6 5.Nc3 a6 6.Be3 Ng4 7.Bc1 Nf6 8.Be3 e6
9.f3 b5 10.Qd2 Nbd7 11.O-O-O Bb7 12.g4 Nb6 13.Bd3 Be7 14.g5 Nfd7 15.h4 Ne5
16.f4 Nbc4 17.Qe2 Nxd3+ 18.cxd3 Nxe3 19.Qxe3 b4 20.Na4 Qa5 21.b3 O-O 22.Kb1 Rfe8
23.Rc1 e5 24.Nc6 Bxc6 25.Rxc6 exf4 26.Qxf4 Qb5 27.Rc2 Qxd3 28.Rf1 Rec8 29.Qxf7+ Kh8
30.Rf2 Rxc2 31.Rxc2 Qxe4 32.Qc4 Qf5 33.Nb6 Rf8 34.Nd5 Bd8 35.Nxb4 h6 36.gxh6 Bf6
37.hxg7+ Bxg7 38.Nd5 Qe5 39.Nc3 Rf3 40.Kb2 d5 41.Qc6 Rg3 42.Ka3 Rxc3 43.Rxc3 Qxc3
44.Qe8+ Kh7 45.Qh5+ Bh6 46.Qf7+ Kh8 47.Qe8+ Kg7 48.Qe7+ Kg6 49.Qe6+ Kh5 50.Qxd5+ Kxh4
51.Qh1+ Kg5 52.Qd5+ Kf6 53.Qd6+ Kg5 54.Qd5+ Kg6 55.Qe6+ Kh7 56.Qe4+ Kg8 57.Qe6+ Kh7
58.Qe4+ Kg7 59.Qe7+ Kg6 60.Qe6+ Kh5 61.Qe2+ Kg5 62.Qe7+ Kh5 63.Qe2+ Kh4 64.Qe4+ Kg5
65.Qe7+ Kg6 66.Qe6+  1/2-1/2

[Event "29th ch-GRE Team"]
[Site "Athens GRE"]
[Date "2000.07.13"]
[Round "8"]
[White "Prentos,K"]
[Black "Tsomis,D"]
[Result "0-1"]
[WhiteElo "2241"]
[BlackElo "2240"]

1.e4 c5 2.Nf3 d6 3.d4 cxd4 4.Nxd4 Nf6 5.Nc3 a6 6.Be3 Ng4 7.Bg5 h6 8.Bh4 g5
9.Bg3 Bg7 10.Qd2 Nc6 11.Nb3 Be6 12.h4 Qb6 13.hxg5 hxg5 14.Rxh8+ Bxh8 15.Qxg5 Bxc3+
16.bxc3 O-O-O 17.Be2 Nf6 18.Bd3 Rg8 19.Qf4 Nh5 20.Qf3 Nxg3 21.fxg3 Qg1+ 22.Bf1 Qh2
23.O-O-O Rxg3 24.Qf2 Rxc3 25.Qb6 Qf4+ 26.Kb2 Qe3 27.Nd4 Nxd4 28.Rxd4 Rc6
29.Qb4 a5 30.Qd2 Rb6+ 31.Ka1 Qa3 32.c4 Qc5 33.Be2 Rb4 34.Qc3  0-1

[Event "It"]
[Site "Techirghiol ROM"]
[Date "2000.07.13"]
[Round "11"]
[White "Ciornei,D"]
[Black "Burnoiu,C"]
[Result "0-1"]
[WhiteElo "2121"]
[BlackElo "2266"]

1.e4 c5 2.Nf3 d6 3.d4 cxd4 4.Nxd4 Nf6 5.Nc3 a6 6.Be3 e5 7.Nb3 Be6 8.f3 Be7
9.Qd2 b5 10.g4 b4 11.Nd5 Bxd5 12.exd5 O-O 13.O-O-O a5 14.Kb1 Qc7 15.g5 Nfd7
16.h4 Nb6 17.Bxb6 Qxb6 18.h5 a4 19.Nc1 Nd7 20.g6 h6 21.gxf7+ Rxf7 22.Bh3 Nc5
23.Be6 Nxe6 24.dxe6 Rxf3 25.Rhg1 Rc8 26.Qxh6 Bf6 27.Qg6 Qc7 28.Rdf1 Rxf1
29.Rxf1 Rf8 30.h6 Qe7 31.Rg1 d5 32.Nd3 e4 33.Nf4 Bd4 34.Nxd5 Qe8 35.h7+ Kh8
36.e7 Rf1+ 37.Rxf1 Qxg6 38.Nc7 Bf2 39.e8=Q+ Qxe8 40.Nxe8 e3 41.Kc1 e2 42.Rh1 e1=Q+
43.Rxe1 Bxe1 44.Kd1 Bg3 45.Ke2 Be5 46.Kd3 Kxh7 47.Kc4 Bxb2 48.Nc7 Bc3 49.Nd5 Be1
50.Kd3 g5 51.Ke2 Bc3 52.a3 Bb2 53.Nxb4 Bxa3 54.Na2 Bc5 55.Kf3 Kg6 56.Kg4 a3
57.c4 Bd6 58.Nc3 Be7 59.Kf3 Kf5 60.Ne2 g4+ 61.Ke3 Bc5+ 62.Kd2  0-1